[Collection containing 2 English Te Deums, 131 English sacred pieces (psalm and canticle settings, anthems, etc.), 2 English secular pieces, 2 Italian secular pieces, 1 French secular piece (without text), 4 instrumental pieces.

Saved in:
Bibliographic Details
Corporate Author: Edinburgh University Library.
Format: Musical Score
Language:English
Published: ca. 1567-1592]
Subjects:
Tags: Add Tag
No Tags, Be the first to tag this record!
LEADER 01110ndm a2200277 4500
001 007765218-5
005 20030716104039.0
008 980416q15671592xx zzz| a nn| eng d
035 0 |a ocm39466987 
040 |a MH-Mu  |c MH-Mu 
041 0 |a engitafre 
047 |a pt  |a cp  |a zz 
110 2 |a Edinburgh University Library.  |k Manuscript.  |n Dk.5.14/15. 
245 0 0 |a [Collection containing 2 English Te Deums, 131 English sacred pieces (psalm and canticle settings, anthems, etc.), 2 English secular pieces, 2 Italian secular pieces, 1 French secular piece (without text), 4 instrumental pieces. 
260 |c ca. 1567-1592] 
300 |a 2 ms. parts. 
500 |a Treble and bassus parts. 
510 4 |a Census-catalogue of manuscript sources of polyphonic music 1400-1550,  |c IV, p. 363-364 (EdinU Dk.5.14-5). 
650 0 |a Te Deum laudamus (Music)  |y 16th century. 
650 0 |a Sacred vocal music  |y 16th century. 
650 0 |a Part songs  |y 16th century. 
650 0 |a Polyphonic chansons  |y 16th century. 
650 0 |a Instrumental music  |y 16th century. 
650 0 |a Music  |x Manuscripts. 
988 |a 20020608 
906 |0 MH